Statystyki dla Kraje z Najwyższym Wskaźnikiem HDI na rok 2020

Kliknij tutaj aby rozwiązać quiz!

Ogólne statystyki

  • Ten quiz został rozwiązany 90 razy
  • Średni wynik to 31 z 39

Statystyki odpowiedzi

PozycjaWartość HDINazwa Państwa% Poprawnych
170,926Stany Zjednoczone
97%
350,880Polska
96%
60,947Niemcy
95%
10,957Norwegia
95%
160,929Kanada
93%
70,945Szwecja
93%
290,892Włochy
91%
110,938Finlandia
89%
190,919Japonia
89%
260,901Francja
88%
20,955Szwajcaria
88%
230,916Luksemburg
85%
130,932Wielka Brytania
85%
270,900Czechy
84%
80,944Holandia
84%
140,931Belgia
83%
100,940Dania
83%
250,904Hiszpania
83%
230,916Korea Południowa
83%
190,919Liechtenstein
83%
180,922Austria
80%
380,864Portugalia
80%
390,860Słowacja
80%
40,949Islandia
79%
340,882Litwa
79%
370,866Łotwa
79%
290,892Estonia
77%
20,955Irlandia
77%
320,888Grecja
76%
80,944Australia
75%
140,931Nowa Zelandia
71%
400,854Węgry
71%
360,868Andora
69%
110,938Singapur
69%
220,917Słowenia
69%
280,895Malta
67%
310,890Zjednoczone Emiraty Arabskie
63%
190,919Izrael
55%
330,887Cypr
45%

Rozkład punktacji

Percentyl według liczby udzielonych odpowiedzi

Procent ludzi z każdym wynikiem

Twoja historia wyników

Nie rozwiązałeś tego quizu